U.S States whose nickname does not include the word 'State' - Statistics

General Stats
  • This quiz has been taken 125 times
    91 since last reset
  • The average score is 7 of 8
Answer Stats
Nickname State % Correct
Land of 10,000 Lakes Minnesota
97%
Little Rhody Rhode Island
97%
The Last Frontier Alaska
94%
Land of Lincoln Illinois
93%
Big Sky Country Montana
91%
America's Dairyland Wisconsin
91%
The Old Dominion Virginia
81%
The Land of Enchantment New Mexico
76%
No matching quizzes found
Score Distribution
Percent of People with Each Score
Percentile by Number Answered
Your Score History
You have not taken this quiz since the last reset